Brevísima historia de Guadalajara /

Relación de los hechos más relevantes de la historia de la ciudad de Guadalajara. Se destacan los acontecimientos políticos y sociales. Se explican, asimismo, las tendencias arquitectónicas de cada etapa.

Sábháilte in:
Sonraí bibleagrafaíochta
Príomhchruthaitheoir: Murià, José María (autor)
Formáid: LEABHAR
Teanga:Spáinnis
Foilsithe / Cruthaithe: Guadalajara, México : Hexágono, 1988, c1988
Ábhair:
Clibeanna: Cuir clib leis
Níl clibeanna ann, Bí ar an gcéad duine le clib a chur leis an taifead seo!

MARC

LEADER 00000nam^a2200000^a^4500
001 000451953
005 20250526000000.0
009 20260310123825.735
037 |a Acervo ITESO - Biblioteca 
041 |a ESP 
082 |a 972. 352  |b MUR 
100 |a Murià, José María  |e (autor) 
240 1 1 |a [Brevísima historia de Guadalajara] 
245 1 0 |a Brevísima historia de Guadalajara /  |c J.M. Murià ; fotografías de María Luisa González. 
264 4 |a Guadalajara, México :  |b Hexágono,  |c 1988, c1988 
300 |a 91 p. ;  |c 17.0 cm. 
336 |a texto  |b txt  |2 rdacontenido 
337 |a sin mediación  |b n  |2 rdamedio 
338 |a volumen  |b nc  |2 rdasoporte 
520 |a Relación de los hechos más relevantes de la historia de la ciudad de Guadalajara. Se destacan los acontecimientos políticos y sociales. Se explican, asimismo, las tendencias arquitectónicas de cada etapa. 
649 |a XX 
650 |a Arquitectura -  |z Guadalajara, Jalisco -  |x Historia y Crítica 
650 |a Arquitectura Jalisciense -  |x Historia y Crítica 
650 |a Arquitectura Mexicana -  |x Historia y Crítica 
650 |a Arte -  |z Guadalajara, Jalisco -  |x Historia y Crítica 
650 |a Arte Jalisciense -  |x Historia y Crítica 
650 |a Arte Mexicano -  |x Historia y Crítica 
650 |a Guadalajara, Jalisco -  |x Historia -  |x Tema Principal 
650 |a Jalisco -  |x Historia 
650 |a México -  |x Historia 
910 |a Fondo Alfonso de Alba Martín 
920 |a Impresos - Libros 
930 |a Libros Antiguos y Raros 
905 |a 125 
901 |a 0500357367  |b IT2  |c LRA  |i D99631  |u 20250526 
902 |a https://opac.biblio.iteso.mx/vufind/Record/000451953